000 00527nam a2200181 4500
001 107099
003 ES-MaACL
005 20230906184340.0
007 t|
008 061121s1957 sp r ||||1| spa d
100 1 _aMorgan, Charles.
_983510
245 1 0 _aRetrato en un espejo /
_cCharles Morgan; traducción del inglés por Alfonso Nadal.
250 _a4ª. ed.
260 _aBarcelona :
_bJosé Janes,
_c1957.
300 _a198 p. ;
_c19 cm.
700 1 _aNadal, Alfonso.
_984791
852 _aES-MaACL
_jC-13876
_bR.41853
999 _c107099
_d107099